00721nam a22002057a 450000500170000001000150001702000260003203500140005803700130007208200100008510000260009524500940012125000060021526000430022127000600026430000200032494200240034499900190036895201280038720241021151332.0 aENG-142209 c500.00a9789387871694 aEN-125741 bDBAD/PUB a305.4 aVedamathan, P.973074 aVictimization and Survival of Woman in Margaret Atwood's Fiction: A Study/cP. Vedamuthan a1 aTamil NadubShanlax Publicationsc2018 bMaduraia61,66 T.P.K. Main Road, Vasantha Nagare625003 a232p.c22cm(pb) 2ddccENh305.4mVED c206526d206526 001040708NFICaBNbBNd2024-10-21eDBADg500.00l0o305.4 VEDpEN-125741r2024-10-21 00:00:00t1v500.00w2024-10-21yEN